000 00552nam a2200181Ii 4500
003 JO-AjNU
008 230606s9999||||xx |||||||||||||| ||und||
040 _aJO-AjNU
_beng
_erda
_cJO-AjNU
041 _aeng
050 1 4 _aQA276.L3
100 3 _alarson,Harold,
_eauthor
_93723
245 0 0 _aIntroduction to probability theory and Statistical IN ference
300 _a427p
336 _atext
_btxt
_2rdacontent
337 _aunmediated
_bn
_2rdamedia
338 _avolume
_bnc
_2rdacarrier
650 4 _a Stochastic systems. -Parameter estimation
_93724
999 _aE1944
_c1944
_d1944